Culture Générale - Série 304 - Statistiques

Statistiques générales
  • Ce quiz a été pris 259 fois
  • Le résultat moyen est 5 sur 10
Statistiques - réponses
Question Réponse % Correct
Dans quelle prison Al Capone séjourna-t-il entre 1934 et 1938 ? Alcatraz
84%
De quel Etat Emmanuel Macron est-il le coprince ? Andorre
74%
Quel nom français les dictionnaires préconisent-ils pour e-mail ? Courriel
74%
Quel crustacé dégustez-vous quand vous mangez une étrille ? Un crabe
58%
Où descendait-elle dans "Une belle histoire" de Michel Fugain ? Dans le midi
51%
Qu'est-ce que Dave nous ordonne de faire "maintenant" en 1975 ? Danser
41%
De quelle comédienne Sara Giraudeau est-elle la fille ? Anny Duperey
28%
Quel est le prénom du grand couturier Courrèges ? André
22%
Qui est le réalisateur du film "Zodiac", sorti en 2007 ? David Fincher
15%
Dans Dallas, quel est le prénom de la nièce de J.R. et Bobby Ewing ? Lucy
15%
Aucun quiz correspondant
Distribution des résultats
% des personnes avec chaque résultat
Percentile par nombre de réponses
Votre historique - résultats
Vous n’avez pas pris ce quiz